Which City in Atlantic Canada? - Statistics

General Stats
  • This quiz has been taken 17 times
  • The average score is 10 of 18
Answer Stats
Description Letter City % Correct
A ship collision in this city's harbor in 1917 caused the largest manmade explosion prior to nuclear bombs H Halifax
100%
Easternmost city in Canada S St. John's
93%
Capital of Prince Edward Island C Charlottetown
87%
Capital of New Brunswick F Fredericton
87%
Most populous city of New Brunswick M Moncton
80%
Located directly across the Saint John River from Madawaska, Maine E Edmundston
67%
Town on Newfoundland that once had the world's largest airport, as it was a refueling destination for transatlantic flights G Gander
67%
Second largest city in Nova Scotia—located on Cape Breton Island S Sydney
67%
Largest city on Newfoundland outside of the Avalon Peninsula C {Corner} Brook
60%
The Inuits know this Labrador town simply as "Vâli" H {Happy} {Valley}- Goose Bay
40%
Second largest city on Prince Edward Island S Summerside
40%
Suburb of the above with a French-speaking population of over 73% D Dieppe
33%
Became a UNESCO World Heritage Site in 1995 for its preserved British architecture L Lunenburg
33%
Calls itself the "Lobster Capital of the World" S Shediac
33%
Nova Scotia city that experiences tidal bores from the Bay of Fundy T Truro
33%
Largest city on the Chaleur Bay B Bathurst
27%
The Scottish people who settled the area named this city after "The Dear Green Place" N New Glasgow
27%
Connected by bridge to Pointe-à-la-Croix, Quebec C Campbellton
13%
No matching quizzes found
Score Distribution
Percent of People with Each Score
Percentile by Number Answered
Your Score History
You have not taken this quiz